01015nam a2200253Ia 4500008004100000020001800041040001800059041000800077100003300085245023200118250001300350260004500363300003900408490004000447600005900487650001700546650002500563650001600588650001700604650003000621740003200651740003400683740004400717130821s2010 mx a gr spa  a970 07 6520 2 aCo-BoUCMbspa00aspa1 aDescartes, Renéd1596-165010aDiscurso del método Meditaciones metafísicas ;Reglas para la dirección del espíritu ;principios de la filosofíacRené Descartes ; estudio introductivo, análisis de las obras y notas al texto por Francisco Larroyo a23a. ed. aMéxico D.F. (México)bPorrúac2010 axxiv, 196 páginasbilustraciones aColección sepan cuantos... .v177 aDescartes, Renéd1596-1650xPensamiento filosófico aEscepticismo aFilosofía francesa aFilosofía aRacionalismo aTeoría del conocimiento02aMeditaciones metafísicas.02aPrincipios de la filosofía.02aReglas para la dirección de espiritu.